000 00186 a2200097 4500
020 _a9788441403949
041 _aspa
100 _aZorrilla, jose
245 _aDon juan tenorio
942 _cBK
999 _c1851
_d1851